Lieux célèbres du Monde par images #2 - Statistiques

Statistiques générales
  • Ce quiz a été pris 823 fois
  • Le résultat moyen est 7 sur 12
Statistiques - réponses
Par images Réponse % Correct
Grande Muraille de Chine
95%
Everest
88%
Sagrada Família
86%
Christ Rédempteur
81%
Parthénon
79%
Pont du Golden Gate
76%
Kilimanjaro
73%
Uluru
35%
Tour CN
19%
Tours Petronas
18%
Château de Neuschwanstein
17%
Monument de la Renaissance Africaine
3%
Aucun quiz correspondant
Distribution des résultats
% des personnes avec chaque résultat
Percentile par nombre de réponses
Votre historique - résultats
Vous n’avez pas pris ce quiz